Sabrina Carpenter Short n’ Sweet Songs By Plot - Statistics

General Stats
  • This quiz has been taken 71 times
  • The average score is 13 of 16
Answer Stats
Hint Answer % Correct
She can’t wait for the sparks they’ll have between the sheets Bed Chem
96%
Her ex may be back together with an old flame, but Sabrina’s already left her mark Taste
95%
Her boyfriend is so embarrassing - can’t he just stay inside for once? Please Please Please
89%
What a surprise - his ex is suddenly everywhere he is Coincidence
84%
If he treats her right, she’ll be a goddess of love for him Juno
84%
She can do a lot for a man - and her career - in her short timeframe of fame 15 Minutes
82%
She’s got a full schedule, but if he wants her, she’ll make time Busy Woman
82%
Don’t be happy you dated her - be upset you’re not still with her Don’t Smile
82%
She’s irresistible - that’s that what now? Espresso
82%
He may not be the smartest, but he sure knows how to manipulate her Sharpest Tool
82%
If he wants her, he better not get on her bad side Good Graces
77%
He thinks he’s a man, but it takes more than fancy words for that Dumb & Poetic
75%
There’s no good guys left alive, so she’ll have to settle for this one, even if he doesn’t know his homophones Slim Pickins
75%
There’s no need to try and fib - she’s never met someone who can turn a blind eye better than her Lie To Girls
71%
People say nothing but bad things about him, but if she closes an eye it’s almost like his red flags are blue Bad Reviews
68%
She knows she should be in love, but those f-boys have made her hide behind a wall Couldn’t Make It Any Harder
61%
No matching quizzes found
Score Distribution
Percent of People with Each Score
Percentile by Number Answered
Your Score History
You have not taken this quiz